| 000 | 00846nam a22002657a 4500 | ||
|---|---|---|---|
| 003 | CHAP | ||
| 005 | 20220329140340.0 | ||
| 008 | 971013s r 00010 d | ||
| 010 | _a50790 | ||
| 011 | _a51762 | ||
| 035 | _a55912 | ||
| 040 | _cCHAP | ||
| 090 | _aR-450 | ||
| 100 | 0 | 0 |
_aVogt, William. _9120615 |
| 245 | _aUnsolved problems concerning wildlife in Mexican national parks | ||
| 500 | _aSobretiro de: Transactions of the North American Wildlife Conference. 10, 1945. pp. 355-358 | ||
| 590 |
_aBATCH-UPD _b10 _c20130110 _lUCH01 _h0835 |
||
| 590 |
_aBATCH-UPD _b10 _c20130410 _lUCH01 _h0513 |
||
| 590 |
_aBATCH-UPD _b10 _c20130914 _lUCH01 _h2103 |
||
| 590 |
_aCONVERSION _b10 _c20130109 _lUCH01 _h1328 |
||
| 650 | 1 | 4 |
_aVida silvestre _zMéxico. _9119208 |
| 901 | _aBK | ||
| 942 | _cREIMP | ||
| 949 |
_aR-450 _bBC _cR _d-122404 _eTS1 _i55912 _si |
||
| 999 |
_c50790 _d50790 |
||